| 000 | 00416nam a2200109Ia 4500 | ||
|---|---|---|---|
| 008 | 160909s9999 xx 000 0 und d | ||
| 100 | _aGoretsky, Andrew M. | ||
| 245 | _aStudent Engagement of Traditional-Aged Undergraduates using Portable Internet Devices | ||
| 260 |
_bThe George Washington University. _c2016 |
||
| 650 | _aInformation Technology | ||
| 856 | _uhttp://pqdtopen.proquest.com/doc/1777614245.html?FMT=ABS | ||
| 999 |
_c303767 _d303767 |
||